| 000 | 00863nam a2200301 b 4500 | ||
|---|---|---|---|
| 001 | |||
| 003 | DO-SdBNP | ||
| 005 | 20180221103939.0 | ||
| 008 | 970926s1996 sp | ||| ||spa | ||
| 016 | 7 |
_a _2BPMSU |
|
| 017 |
_a _b |
||
| 020 | _a8434853140 | ||
| 035 | _a(OCoLC) | ||
| 040 |
_aBPMSU _bspa _cBPMSU _e dr |
||
| 041 | 1 |
_aspa _h |
|
| 080 | 0 | _a | |
| 100 | 1 | _aCamp, Lindsay | |
| 240 | 1 | 4 |
_aThe midnight feast _lEspañol |
| 245 | 1 | 3 |
_aLa fiesta de medianoche / _cLindsay Camp, Tony Ross ; traducción del inglés, P. Rozarena |
| 260 |
_aMadrid : _bSM, _c1996 |
||
| 300 |
_a56 p : _bil. ; _c23 cm |
||
| 490 |
_aEl barco de vapor. _aSerie Oro. _aBlanca _v8 |
||
| 700 | 1 |
_aRoss, Tony _d1938- |
|
| 830 |
_aEl barco de vapor. _pSerie Oro. _v8 |
||
| 942 |
_2ddc _cBK |
||
| 945 | _ainventariado, 2018 / dg | ||
| 956 |
_a VMATEO _b10 _c20170116 _dBPMSU _f0069 |
||
| 999 |
_c12474 _d12474 |
||